Effect of different genotypes on germination, vigour, growth and yield of Brassica rapa L. (Record no. 13614)

MARC details
000 -LEADER
fixed length control field 00932nam a22002537a 4500
003 - CONTROL NUMBER IDENTIFIER
control field BD-DhSAU
005 - DATE AND TIME OF LATEST TRANSACTION
control field 20170130140928.0
008 - FIXED-LENGTH DATA ELEMENTS--GENERAL INFORMATION
fixed length control field 161006b2014 bg ad||| |||| 00| 0 eng d
040 ## - CATALOGING SOURCE
Original cataloging agency BD-DhSAU
082 ## - DEWEY DECIMAL CLASSIFICATION NUMBER
Edition number 22
Classification number 631.521
Item number M2788
100 ## - MAIN ENTRY--PERSONAL NAME
Personal name Mahmud, Md. Shakil
245 ## - TITLE STATEMENT
Title Effect of different genotypes on germination, vigour, growth and yield of Brassica rapa L.
Statement of responsibility, etc. Md. Shakil Mahmud
260 ## - PUBLICATION, DISTRIBUTION, ETC. (IMPRINT)
Place of publication, distribution, etc. Dhaka :
Name of publisher, distributor, etc. Sher- e- Bangla Agricultural University ,
Date of publication, distribution, etc. 2014
300 ## - PHYSICAL DESCRIPTION
Extent ix , 72 p. :
Other physical details ill. ;
Dimensions 30 cm.
504 ## - BIBLIOGRAPHY, ETC. NOTE
Bibliography, etc Includes references
590 ## - Name of Cataloguer
Name of Cataloger Kamim
650 ## - SUBJECT ADDED ENTRY--TOPICAL TERM
Topical term or geographic name as entry element Seeds
650 ## - SUBJECT ADDED ENTRY--TOPICAL TERM
Topical term or geographic name as entry element Effect of different genotypes on germination
650 ## - SUBJECT ADDED ENTRY--TOPICAL TERM
Topical term or geographic name as entry element Vigour, growth and yield of Brassica rapa L.
700 ## - ADDED ENTRY--PERSONAL NAME
Personal name Bhuiyan, Md. Shahidur Rashid
Relator code Supervisor
700 ## - ADDED ENTRY--PERSONAL NAME
Personal name Amin, Md. A.K.M. Ruhul
Relator code Co-Supervisor
856 ## - ELECTRONIC LOCATION AND ACCESS
Uniform Resource Identifier <a href="http://archive.saulibrary.edu.bd:8080/handle/123456789/1077">http://archive.saulibrary.edu.bd:8080/handle/123456789/1077</a>
Link text Online Access
942 ## - ADDED ENTRY ELEMENTS (KOHA)
Source of classification or shelving scheme Dewey Decimal Classification
Koha item type MS Level Thesis
Holdings
Withdrawn status Lost status Source of classification or shelving scheme Damaged status Not for loan Collection code Home library Branch Name Shelving location Date acquired Total Checkouts Full call number Barcode Date last seen Price effective from Koha item type
    Dewey Decimal Classification   Not For Loan Reference SAU Library SAU Library Reference 16/11/2016   631.521 M2788 39783 16/11/2016 16/11/2016 MS Level Thesis